| 000 | 00821nam a2200145Ia 4500 | ||
|---|---|---|---|
| 008 | 220216s9999 xx 000 0 und d | ||
| 100 | _aVidal P | ||
| 245 | 0 | _aResearch on lipoxygenase activity in natural rubber latex | |
| 260 |
_bCIRAD _c1994 |
||
| 300 | _a19-Jan | ||
| 500 | _aSource Year: 1996 | ||
| 520 | _aLatex was examined for a lipoxygenase, focusing primarily on the cytoplasmic serum and the lutoid serum and membranes. Lipoxygenase causes peroxidation of certain poly-unsaturated fatty acids, namely the linoleic and linolenic acids present in latex triglycerides. Lipoxygenase activity was measured using an enzymatic model, namely soya lipoxygenase, Lox-1, at various pH values. This research represents a follow-up of studies on the oxidation potentialof natural rubber. | ||
| 856 | _uAEDR | ||
| 942 | _cJS | ||
| 999 |
_c66797 _d66797 |
||